Score 0/12 Timer 03:00
0 Plays Today
Question Answer Wrong Answers
Year of Release
1977
Ep. 4
93.3%
Ep. 5
3.2%
Ep. 6
1.5%
Memorable Moment
Anakin Skywalker returns to the light
Ep. 6
90.3%
Ep. 4
2.6%
Ep. 5
4.6%
Notable Death
Obi-Wan 'Ben' Kenobi
Ep. 4
90.2%
Ep. 5
4.7%
Ep. 6
2.9%
Memorable Quote
'Aren’t you a little short for a stormtrooper?'
Ep. 4
87.9%
Ep. 5
4.5%
Ep. 6
5.2%
Year of Release
1980
Ep. 5
86.9%
Ep. 4
5%
Ep. 6
5.9%
Memorable Moment
Luke loses his hand to Darth Vader
Ep. 5
86.1%
Ep. 4
5%
Ep. 6
6.6%
Memorable Moment
Luke blows up the Death Star
Ep. 4
85.9%
Ep. 5
4.8%
Ep. 6
7.2%
Memorable Quote
'No. I am your father!'
Ep. 5
85.3%
Ep. 4
5.4%
Ep. 6
7.3%
Year of Release
1983
Ep. 6
84.9%
Ep. 4
3.6%
Ep. 5
9.5%
Memorable Quote
'I am a Jedi like my father before me.'
Ep. 6
73.5%
Ep. 4
11.9%
Ep. 5
12.3%
Notable Death
Yoda
Ep. 6
71.1%
Ep. 4
2.9%
Ep. 5
23.9%
Notable Death
Admiral Kendal Ozzel
Ep. 5
58%
Ep. 4
16.3%
Ep. 6
23.4%

Today's Daily Dose

Remove Ads.
Support Sporcle.
Get the best of Sporcle when you Go Orange. This ad-free experience offers more features, more stats, and more fun while also helping to support Sporcle. Thank you for becoming a member.

You're not logged in!

Compare scores with friends on all Sporcle quizzes.
OR
Log In

Show Comments

Extras

Top Quizzes Today


Score Distribution

Your Account Isn't Verified!

In order to create a playlist on Sporcle, you need to verify the email address you used during registration. Go to your Sporcle Settings to finish the process.

Report this User

Report this user for behavior that violates our Community Guidelines.

Details: